000 00606nam a2200229 a 4500
001 BRCA_5811
005 20190320205225.0
008 100311s194u----fr-a######---#000-0#fre-#
041 _afre
044 _afr
050 4 _aND673.E9
_b.G39 1940
100 1 _aGay, Paul
_914724
245 1 0 _aVan Eyck
_cPaul Gay.
260 _aParís
_bBraun
_c[194?]
300 _a1 v. (sin paginación)
_bil., 60 láminas
_c16 cm.
440 0 _aCollection ´Les Maitres´
_914725
500 _aG21
600 1 4 _aEyck, Jan van
_d1390-1440
_914726
650 1 4 _aPintores flamencos
_97571
902 _aGFM
942 _2lcc
_cB
999 _c5500
_d5500